01140nam a2200193Ia 4500001001100000003001000011008004100021040002500062041001300087100003600100245003600136250001100172260008100183300001200264500026000276501011400536520026000650650003600910L200-53887IT-CnALBA170116s9999||||xx |||||||||||||| ||und|| aIT-CnALBAcIT-CnALBA aITALIANO aASSOCIAZIONE TEOLOGICA ITALIANA 0aLA TEOLOGIA DELLA RIVELAZIONE.  a1a ed. a PADOVAbMESSAGGERO EDIZIONI c1996 [1° Ed.:1996 - Ed.Ling.Originale: 1996] a260 p.  aSTUDI RELIGIOSI. CURATORE VALENTINI D. CONTENUTI DELLE RELAZIONI. CONSIDERAZIONI SU RIVELAZIONE, APOLOGETICA E TEOLOGIA FONDAMENTALE. TEOLOGIA DELLA RIVELAZIONE DOPO IL VATICANO II IN ITALIA. RIVELAZIONE COME CONCETTO FONDAMENTALE DEL CRISTIANESIMO. RUGGI aSocietà San Paolo EM - Piazza San Paolo, 14 - 12051 ALBA (CN) (non commercial uses only) ® Copyright 2017 aSTUDI RELIGIOSI. CURATORE VALENTINI D. CONTENUTI DELLE RELAZIONI. CONSIDERAZIONI SU RIVELAZIONE, APOLOGETICA E TEOLOGIA FONDAMENTALE. TEOLOGIA DELLA RIVELAZIONE DOPO IL VATICANO II IN ITALIA. RIVELAZIONE COME CONCETTO FONDAMENTALE DEL CRISTIANESIMO. RUGGI aRELIGIONE - RELIGIONE CRISTIANA